|
|
|
|
| LEADER |
00000nam0a2200000 4500 |
| 001 |
373331 |
| 005 |
20231102012545.0 |
| 010 |
|
|
|a 5211005899
|
| 035 |
|
|
|a (RuTPU)RU\TPU\retro\30759
|
| 035 |
|
|
|a RU\TPU\book\270011
|
| 090 |
|
|
|a 373331
|
| 100 |
|
|
|a 20221216d1988 k y0rusy50 ca
|
| 101 |
0 |
|
|a rus
|
| 102 |
|
|
|a RU
|
| 105 |
|
|
|a y z 000zy
|
| 200 |
1 |
|
|a Неархимедовы автоморфные дзета-функции
|f Н. А. Панчишкин
|
| 210 |
|
|
|a Москва
|c Изд-во Московского ун-та
|d 1988
|
| 215 |
|
|
|a 164 с.
|
| 606 |
1 |
|
|a Автоморфные дзета-функции
|2 stltpush
|3 (RuTPU)RU\TPU\subj\1310
|9 30095
|
| 610 |
1 |
|
|a автоморфные формы
|
| 610 |
1 |
|
|a аналитические функции
|
| 610 |
1 |
|
|a неархимедовы поля
|
| 610 |
1 |
|
|a модулярные формы
|
| 675 |
|
|
|a 511.33
|v 3
|
| 700 |
|
1 |
|a Панчишкин
|b Н. А.
|g Николай Алексеевич
|
| 801 |
|
1 |
|a RU
|b 63413507
|c 20140109
|
| 801 |
|
2 |
|a RU
|b 63413507
|c 20221223
|g RCR
|
| 942 |
|
|
|c BK
|